Methods and models <a> guide to the empirical analysis of formal models in political science
Salvato in:
| Autore principale: | |
|---|---|
| Natura: | Libro |
| Lingua: | inglese |
| Pubblicazione: |
New York
Cambridge University Press
2005
|
| Soggetti: | |
| Tags: |
Nessun Tag, puoi essere il primo ad aggiungerne!!
|
MARC
| LEADER | 00000nam$a2200000$$$4500 | ||
|---|---|---|---|
| 001 | 0115690 | ||
| 005 | 20221129082805.3 | ||
| 020 | |a 978-0-521-63394-9 | ||
| 020 | |a 978-0-521-63300-0 | ||
| 041 | 0 | |a eng | |
| 044 | |a US | ||
| 245 | 1 | 0 | |a Methods and models |b <a> guide to the empirical analysis of formal models in political science |c Rebecca B. Morton |
| 264 | 1 | |a New York |b Cambridge University Press |c 2005 | |
| 300 | |a x, 326 s. | ||
| 610 | 2 | 0 | |a politológia |
| 610 | 2 | 0 | |a modely |
| 610 | 2 | 0 | |a modely matematické |
| 610 | 2 | 0 | |a modelovanie |
| 610 | 2 | 0 | |a modelovanie matematické |
| 610 | 2 | 0 | |a analýza matematická |
| 100 | 1 | |a Morton, Rebecca B. | |